[Event "Warsaw YMCA Spring-B 139th"]
[Site "Warsaw"]
[Date "2014.04.24"]
[Round "3"]
[White "Bajkowski, Marcin"]
[Black "Wadelek, Karol"]
[Result "1/2-1/2"]
[WhiteElo "1853"]
[BlackElo "1827"]
[PlyCount "103"]
[EventDate "2014.04.08"]
[EventType "tourn"]
[EventRounds "11"]
[EventCountry "POL"]
[SourceTitle "EXT 2015"]
[Source "ChessBase"]
[SourceDate "2014.11.20"]
[SourceVersion "1"]
[SourceVersionDate "2014.11.20"]
[SourceQuality "1"]

1. d4 c5 2. d5 g6 3. c4 Bg7 4. e4 d6 5. Nc3 Nf6 6. Bd3 e6 7. Nge2 0-0 8. 0-0 Na6 9. h3 exd5 10. Nxd5 Nxd5 11. exd5 Nc7 12. Nc3 Rb8 13. Bf4 f5 14. Qd2 Re8 15. Rfe1 a6 16. Bg5 Qd7 17. Rxe8+ Nxe8 18. Re1 Nf6 19. Qf4 Nh5 20. Qe3 Be5 21. Kh1 f4 22. Qd2 Kg7 23. Be2 h6 24. Bxh5 hxg5 25. Bg4 Qf7 26. Qe2 Bf5 27. a4 b6 28. Qf3 Re8 29. Re2 Bd4 30. Re6 Bxe6 31. dxe6 Rxe6 32. Bxe6 Qxe6 33. Qb7+ Kh6 34. Ne4 f3 35. Qh7+ Kxh7 36. Nxg5+ Kg8 37. Nxe6 fxg2+ 38. Kxg2 Bxb2 39. Nc7 Kf7 40. Kf3 d5 41. Nxd5 Ke6 42. Ke4 b5 43. cxb5 axb5 44. axb5 c4 45. Ne3 c3 46. Nc2 Bc1 47. Kd4 Bd2 48. Kc5 Kf5 49. b6 Ke4 50. Kc4 Kf3 51. b7 Bf4 52. Kxc3 1/2-1/2

[Event "Warsaw YMCA Spring-B 139th"]
[Site "Warsaw"]
[Date "2014.04.16"]
[Round "2"]
[White "Wadelek, Karol"]
[Black "Koziol, Pawel"]
[Result "1-0"]
[WhiteElo "1827"]
[BlackElo "1892"]
[PlyCount "147"]
[EventDate "2014.04.08"]
[EventType "tourn"]
[EventRounds "11"]
[EventCountry "POL"]
[SourceTitle "EXT 2015"]
[Source "ChessBase"]
[SourceDate "2014.11.20"]
[SourceVersion "1"]
[SourceVersionDate "2014.11.20"]
[SourceQuality "1"]

1. e4 c6 2. d4 d5 3. e5 g6 4. Nf3 Nh6 5. Be2 Bg7 6. Bg5 f6 7. exf6 exf6 8. Bf4 0-0 9. 0-0 Qb6 10. Qc1 Nf5 11. c3 Na6 12. h3 Re8 13. Re1 Bd7 14. Nbd2 Nc7 15. a4 Ne6 16. a5 Qd8 17. Bh2 Bh6 18. Bf1 Nf4 19. b4 Rxe1 20. Qxe1 Qf8 21. Qd1 Nd6 22. Nb3 Re8 23. Ra2 Ne4 24. Qa1 a6 25. Nc5 Bc8 26. Bxf4 Bxf4 27. Bd3 Qh6 28. Re2 Bxh3 29. Bxe4 dxe4 30. Nxe4 Kf7 31. Qe1 Bd7 32. Ng3 Rxe2 33. Nxe2 Bd6 34. Qd2 Qxd2 35. Nxd2 Bf5 36. Ng3 Bd3 37. Nge4 Be7 38. f4 f5 39. Nc5 Bxc5 40. bxc5 Ke6 41. Kf2 Kd5 42. Ke3 Bb5 43. Kf3 h6 44. Ke3 g5 45. Kf3 Bc4 46. Kg3 Be2 47. Kf2 Bh5 48. Ke3 Bf7 49. g3 Bh5 50. c4+ Ke6 51. Nb1 Bd1 52. Nd2 Bg4 53. Nb1 Bh3 54. Nd2 Bg2 55. Nb1 Kf6 56. Kf2 Be4 57. Nd2 Bc2 58. Ke3 Ke6 59. Nf3 gxf4+ 60. Kxf4 Bd3 61. Ne5 Bf1 62. Kf3 Kf6 63. Kf2 Bh3 64. Nd3 Bg4 65. Ke3 Bd1 66. d5 Bb3 67. Kd4 Bd1 68. d6 Ke6 69. Nf4+ Kd7 70. Ke5 Bb3 71. Kxf5 Bxc4 72. Kg6 b5 73. axb6 Kc8 74. Kf6 1-0

[Event "EU-ch rapid"]
[Site "Warsaw"]
[Date "2013.12.14"]
[Round "7"]
[White "Wadelek, Karol"]
[Black "Socko, Monika"]
[Result "0-1"]
[WhiteElo "1850"]
[BlackElo "2440"]
[PlyCount "60"]
[EventDate "2013.12.14"]
[EventType "swiss (rapid)"]
[EventRounds "11"]
[EventCountry "POL"]
[SourceTitle "CBM 157 Extra"]
[Source "ChessBase"]
[SourceDate "2013.12.19"]
[SourceVersion "1"]
[SourceVersionDate "2013.12.19"]
[SourceQuality "1"]

1. e4 e6 2. d4 d5 3. Nc3 Nf6 4. Bg5 Bb4 5. e5 h6 6. Bh4 g5 7. exf6 gxh4 8. Qf3 Nd7 9. 0-0-0 Qxf6 10. Qe3 Bxc3 11. Qxc3 c5 12. Nf3 a6 13. Be2 b6 14. Rhe1 Bb7 15. Qe3 0-0-0 16. Qa3 Kc7 17. Kb1 Rhg8 18. Bf1 Rde8 19. Re3 e5 20. dxc5 Nxc5 21. b4 Ne4 22. Bxa6 Ra8 23. b5 d4 24. Rb3 Nc5 25. c3 Bxf3 26. gxf3 Qxf3 27. Rc1 d3 28. Rb2 Rg2 29. Qb4 Rg4 30. Qa3 Ra4 0-1

[Event "Warsaw Najdorf Memorial op-B 11th"]
[Site "Warsaw"]
[Date "2013.08.08"]
[Round "5"]
[White "Lasota, Adam"]
[Black "Wadelek, Karol"]
[Result "1/2-1/2"]
[WhiteElo "1912"]
[BlackElo "1844"]
[PlyCount "43"]
[EventDate "2013.08.05"]
[EventType "swiss"]
[EventRounds "9"]
[EventCountry "POL"]
[SourceTitle "CBM 155 Extra"]
[Source "ChessBase"]
[SourceDate "2013.08.26"]
[SourceVersion "1"]
[SourceVersionDate "2013.08.26"]
[SourceQuality "1"]

1. d4 d5 2. Bf4 c6 3. e3 Qb6 4. b3 Bf5 5. Bd3 Bxd3 6. Qxd3 Nf6 7. Nd2 e6 8. Ngf3 Nbd7 9. c4 Be7 10. 0-0 0-0 11. h3 Rfe8 12. c5 Qa5 13. a3 Rec8 14. b4 Qb5 15. Qxb5 cxb5 16. a4 bxa4 17. Rxa4 a6 18. Rb1 b6 19. Rba1 bxc5 20. bxc5 Rc6 21. Ne5 Nxe5 22. Bxe5 1/2-1/2